Normal view
MARC view
- Pérez-Taylor, Rafael
Entry Nombre Personal
001 - NUMERO DE CONTROL
- campo de control: 59182
003 - IDENTIFICADOR DE NUMERO DE CONTROL
- campo de control: MX-MxUPN
005 - FECHA Y HORA DE LA ÜLTIMA TRANSACCIÓN
- campo de control: 20260326095504.0
008 - DATOS DE LONGITUD FIJA
- campo de control de longitud fija: 260326|| aca||aabn | aaa d
040 ## - FUENTE DE CATALOGACIÓN
- Agencia original de catalogación: MX-MxUPN
- Lenguaje de catalogación: spa
- Agencia de transcripción: MX-MxUPN
100 1# - ENCABEZAMIENTO - NOMBRE PERSONAL
- Nombre personal: Pérez-Taylor, Rafael
670 ## - FUENTE EN LA QUE SE LOCALIZARON DATOS
- Cita de la fuente: Crítica de la razón pedagógica : organizando la mente del docente, 2021:
- Información localizada: portada (Rafael Pérez-Taylor, prólogo)
902 ## - CATALOGADOR
- Catalogador: Víctor Ruiz/260326
